Su primer año en el network marketing
| Main Author: | |
|---|---|
| Format: | Section = Libro |
| Language: | Undetermined Spanish |
| Published: |
Argentina
Time Icorporated, New York
1998
|
| Subjects: |
| LEADER | 00515nam a2200193Ia 4500 | ||
|---|---|---|---|
| 008 | 240830s9999 xx 000 0 und d | ||
| 040 | |a B-ESTELÍ- RUACS / 658.835 Y28 | ||
| 041 | |a spa | ||
| 082 | |a 658.835 Y28 | ||
| 100 | 1 | |a Yarnell, Mark | |
| 245 | 1 | 0 | |a Su primer año en el network marketing |
| 260 | |a Argentina |b Time Icorporated, New York |c 1998 | ||
| 300 | |a 309 p. | ||
| 650 | 7 | |a MERCADEO | |
| 650 | 7 | |b NEGOCIOS 3 - PUBLICIDAD | |
| 650 | 7 | |c PROMOCION DE VENTAS | |
| 942 | |c BK |2 ddc | ||
| 991 | |a TEXTO | ||
| 999 | |c 11509 | ||